000
00461nam a2200181Ia 4500
008
090124s9999 xx 000 0 und d
082
_b
115314
100
_a
पेंढरकर य.दि.
245
_a
घायाळ
250
_a
1
260
_c
1944
300
_a
89
600
_a
पेंढरकर य.दि.
630
_a
घायाळ
700
_a
पेंढरकर य.दि.
730
_a
घायाळ
942
_c
BOOK
999
_c
161405
_d
161405